Statistiques concernant Culture G commençant par G

Cliquez ici pour prendre le quiz!

Statistiques générales

  • Ce quiz a été pris 128 fois
  • Le résultat moyen est 11 sur 30

Statistiques - réponses

HintRéponse% Correct
Etat d'Atlanta ou de pays de TbilissiGéorgie
95%
Animal au long coup, ou récipient de 3 litres de bièresGirafe
83%
Purée d'avocat souvent accompagnée de chipsGuacamole
82%
Département outre mer françaisGuadeloupe
79%
Médecine de la femmeGynécologie
76%
Insecte hyménoptère ayant généralement un abdomen jaune rayé de noirGuêpe
75%
Salle de sport fait pour le hand, futsal, basket, ping pong etcGymnase
74%
Ours gris des montagnes RocheusesGrizzli
73%
Apparemment sa capitale est libre sur le golfe de GuinéeGabon
62%
Michel Berger en avait une pour le pianisteGroupie
58%
Inventeur de la lunette astronomiqueGalilée
56%
Les pompiers, les policiers et engin agricoles en sont équipésGirophare
49%
Fine couche de glace qui se forme par temps brumeuxGivre
43%
Géant gigantesqueGargantua
42%
Une préfecture françaiseGap / Guéret / Grenoble
41%
Ressemble au second pays trouvé mais c'est une capitale d'Afrique australeGaborone
25%
Prénom de Gims, homme qui traversa un désert pour obtenir l'indépendanceGandhi
23%
admirable, fantastique, prestigieuxGrandiose
22%
Une marque pas si facile a devinerGUESS
21%
Grêle fine, blanche et dureGrésil
19%
Effet qui permet à une moto de tenir droit quand elle rouleGyroscopique
13%
Outil efficace pour représenter visuellement l'état d'avancement des tâches qui constituent un projetGantt
11%
Dogme ardu, impératif inatteignableGraal
5%
Province indienne à la frontière pakistanaiseGujarat
4%
Hormone stimulant l’appétitGhréline
3%
Variante de berger belgeGroenendael
2%
4eme homme a créer les compétences distinctives en entreprise
Avec Learned, Christensen et Andrews
Guth
1%
Prince berbère tué en 578Garmul
0%
Lieu d'enfermement ou de mise à l'écartGhetto
0%
Style musique a base de percussions de ce dernierGwoka
0%

Distribution des résultats

Percentile par nombre de réponses

% des personnes avec chaque résultat

Votre développement - résultats

Vous n’avez pas pris ce quiz